Sports Quiz

Random Sports or Rugby Quiz
Score 0/19 Timer 05:00
11 Plays Today
Year Winner % Correct
2005Daniel Carter
89.7%
2012Daniel Carter
89.7%
2015Daniel Carter
89.7%
2003Jonny Wilkinson
82.9%
2006Richie McCaw
80.9%
2009Richie McCaw
80.9%
2010Richie McCaw
80.9%
2016Beauden Barrett
75.1%
2017Beauden Barrett
75.1%
2018Jonathan Sexton
65.7%
Year Winner % Correct
2007Bryan Habana
56.6%
2019Pieter-Steph du Toit
48.9%
2008Shane Williams
46.6%
2013Kieran Read
39.6%
2014Brodie Retallick
36.2%
2011Thierry Dusautoir
32%
2001Keith Wood
28%
2004Schalk Burger
22.9%
2002Fabien Galthie
16.4%
Remove Ads.
Support Sporcle.
Get the best of Sporcle when you Go Orange. This ad-free experience offers more features, more stats, and more fun while also helping to support Sporcle. Thank you for becoming a member.

You're not logged in!

Compare scores with friends on all Sporcle quizzes.
OR
Log In

Sporcle TV

Today on Sporcle TV


Watch our educational content, quiz creation guides, and fun videos on Sporcle TV.

Show Comments

Extras

Top Quizzes Today


Score Distribution

Paid Content

Your Account Isn't Verified!

In order to create a playlist on Sporcle, you need to verify the email address you used during registration. Go to your Sporcle Settings to finish the process.

Report this User

Report this user for behavior that violates our Community Guidelines.

Details: